Relación del viaje hecho a la isla de Amat, por otro hombre Otahiti y descubrimiento de otras adyacentes en los años 1774 y 1775 / (Record no. 23817)

MARC details
000 -LEADER
campo de control de longitud fija 00777nam a2200181 i 4500
001 - NÚMERO DE CONTROL
campo de control 23817
003 - IDENTIFICADOR DE NÚMERO DE CONTROL
campo de control ES-MaACL
005 - FECHA Y HORA DE LA ÚLTIMA TRANSACCIÓN
campo de control 20230906152935.0
008 - DATOS DE LONGITUD FIJA--INFORMACIÓN GENERAL
campo de control de longitud fija 021212s1947 sp |||| | spa d
100 1# - ENTRADA PRINCIPAL--NOMBRE DE PERSONA
Nombre de persona Andía y Varela, José de.
9 (RLIN) 21483
245 10 - MENCIÓN DEL TÍTULO
Título Relación del viaje hecho a la isla de Amat, por otro hombre Otahiti y descubrimiento de otras adyacentes en los años 1774 y 1775 /
Mención de responsabilidad, etc. por José de Andía y Varela ; con un prólogo de Joaquín de Sarriers.
260 ## - PUBLICACIÓN, DISTRIBUCIÓN, ETC.
Lugar de publicación, distribución, etc. Barcelona :
Nombre del editor, distribuidor, etc. José Porter,
Fecha de publicación, distribución, etc. 1947 (
Fabricante Tobella)
300 ## - DESCRIPCIÓN FÍSICA
Extensión 92 p. ;
Dimensiones 24 cm.
595 ## -
-- Ed. numerada de 200 ejemplares.
651 #4 - PUNTO DE ACCESO ADICIONAL DE MATERIA--NOMBRE GEOGRÁFICO
Nombre geográfico Tahití-
Subdivisión general Descubrimientos y exploraciones.
9 (RLIN) 162601
700 1# - ENTRADA AGREGADA--NOMBRE PERSONAL
Nombre de persona Sarriers, Joaquín de.
9 (RLIN) 103866
852 ## - LOCALIZACIÓN
Ubicación ES-MaACL
Número de control de estantería C-29851
Nota libre . - Donat. José Antonio Llardent
Holdings
Estatus retirado Estado de pérdida Estado de daño No para préstamo Biblioteca de origen Biblioteca actual Ubicación en estantería Fecha de adquisición Fuente de adquisición Total de préstamos Signatura topográfica completa Código de barras Visto por última vez Precio de reemplazo Tipo de ítem Koha
        Biblioteca del Ateneo de Madrid Biblioteca del Ateneo de Madrid Depósito 2 17/01/2008     C-29851 1024546 23/02/2023 23/02/2023 Libro impreso